000 nam a22 7a 4500
999 _c137453
_d137451
005 20171020092411.0
008 171020b cze||||| |||| 00| 0 spa d
020 _a8086012158
050 0 4 _aDB2015
_bP38 1998
245 0 0 _aPatrimonio Cultural Universal de la UNESCO en la Republica Checa
_c / Introducción de Michal Benes
250 _a1a ed.
260 _aChecoslovaquia :
_bVydavatelstvi,
_c1998
300 _a79 p :
_bil ;
_c22 cm.
504 _aIncluye índice
610 2 _aUNESCO (Organización de las Naciones Unidas para la Educación, la Ciencia y la Cultura).
650 7 _2Lemb
_aMonumentos Históricos
_zChecoslovaquia
651 4 _aChecoslovaquia
_xCiudades y Pueblos
_xHistoria
700 1 _aBenes, Michal.,
_eIntroducción
942 _2lcc
_cLIB